Los enigmas de la comunidad perdida
Guardat en:
| Autor principal: | |
|---|---|
| Format: | Llibre |
| Idioma: | espanyol |
| Publicat: |
Santiago
LOM
2002
|
| Edició: | 1a. ed |
| Col·lecció: | Libros del Ciudadano
|
| Matèries: | |
| Etiquetes: |
Afegir etiqueta
Sense etiquetes, Sigues el primer a etiquetar aquest registre!
|
MARC
| LEADER | 00000cam a2200000 a 4500 | ||
|---|---|---|---|
| 001 | UCK8149 | ||
| 003 | CL-VaPUC | ||
| 008 | 060120e20020000CL |||||||||||||||||spa|d | ||
| 020 | |a 9562824519 | ||
| 082 | 0 | 4 | |a 306.34 |b JOI |2 21 |
| 100 | |a Joignant Rondón, Alfredo |e author |9 558263 | ||
| 245 | 1 | 4 | |a Los enigmas de la comunidad perdida |
| 246 | 1 | 0 | |a Historia, memoria e identidades políticas en Chile: 2000-2010 |
| 250 | |a 1a. ed | ||
| 300 | |a 91 p | ||
| 942 | |c BK | ||
| 945 | |d 20060120 00:00:00 |a jtorresc | ||
| 260 | |a Santiago |b LOM |c 2002 | ||
| 650 | 0 | |a Identidad cultural |9 319131 | |
| 650 | 7 | |a MODERNIZACION |2 CL-VaPUC |9 335311 | |
| 650 | 0 | |a Sociología |9 255410 | |
| 650 | 0 | |a Ciencias sociales |9 256351 | |
| 583 | |a last modification |c 20170816 11:06:18 |k Rodrigo Vera | ||
| 490 | 0 | |a Libros del Ciudadano | |
| 999 | |c 315930 |d 315928 | ||
| 952 | |0 0 |1 0 |4 0 |6 306_340000000000000_JOI_2002 |7 0 |8 A |9 389801 |a BIBGIM |b BIBGIM |d 2019-11-22 |i 4201159 |o 306.34 JOI 2002 |p 4201159 |r 2025-01-15 |w 2019-11-22 |y BK |k SSL | ||
| 952 | |0 0 |1 0 |4 0 |6 306_340000000000000_JOI_2002 |7 0 |8 A |9 389802 |a BIBGIM |b BIBGIM |d 2019-11-22 |i 4201132 |o 306.34 JOI 2002 |p 4201132 |r 2025-01-15 |w 2019-11-22 |y BK |k SSL | ||
| 952 | |0 0 |1 0 |4 0 |6 306_340000000000000_JOI_2002 |7 0 |8 A |9 389803 |a BIBGIM |b BIBGIM |d 2019-11-22 |i 4219821 |o 306.34 JOI 2002 |p 4219821 |r 2025-01-15 |w 2019-11-22 |y BK |k SSL | ||
| 952 | |0 0 |1 0 |4 0 |6 306_340000000000000_JOI_2002 |7 0 |8 A |9 389804 |a BIBGIM |b BIBGIM |d 2019-11-22 |i 421983K |o 306.34 JOI 2002 |p 421983K |r 2025-01-15 |w 2019-11-22 |y BK |k SSL | ||
| 952 | |0 0 |1 0 |3 erb |4 0 |6 306_340000000000000_JOI_2002 |7 0 |8 A |9 389805 |a BIBEDU |b BIBEDU |i 5415292 |o 306.34 JOI 2002 |p 5415292 |r 2019-11-22 |w 2019-11-22 |y BK |z Catalogado en:20170818 |k PSI | ||
| 952 | |0 0 |1 0 |3 erb |4 0 |6 306_340000000000000_JOI_2002 |7 0 |8 A |9 389806 |a BIBEDU |b BIBEDU |i 5415306 |o 306.34 JOI 2002 |p 5415306 |r 2019-11-22 |w 2019-11-22 |y BK |z Catalogado en:20170818 |k PSI | ||